| 000 -ლიდერი |
| ფიქსირებული სიგრძის საკონტროლო ველი |
01595nam a22001937a 4500 |
| 003 - საკონტროლო ნომრის იდენტიფიკატორი |
| საკონტროლო ველი |
Ge_BSU |
| 005 - ბოლო ოპერაციის თარიღი და დრო |
| საკონტროლო ველი |
20230620165258.0 |
| 008 - ფიქსირებული სიგრძის მონაცემთა ელემენტები - ზოგადი ინფორმაცია |
| ფიქსირებული სიგრძის საკონტროლო ველი |
230620s1978 ge ||||| |||| 00| 0 geo d |
| 041 ## - ენის კოდი |
| Language code of text/sound track or separate title |
geo |
| 080 ## - უნივერსალური ათობითი კლასიფიკაციის ინდექსი |
| Universal Decimal Classification number |
902.2(479.22-25) თ-11 |
| 245 ## - ცნობა სათაურის შესახებ |
| Title |
თბილისი = Тбилиси = Tbilissi : |
| Remainder of title |
არქეოლოგიური ძეგლები. წ. 1, [უძველესი დროიდან. ძვ. წ. აღ. XI ს-მდე] / |
| Statement of responsibility, etc |
რედ. რ. აბრამიშვილი; საქ. სსრ მეცნ. აკად., არქეოლ. კომისია, ივ. ჯავახიშვილის სახ. ისტორიის, არქეოლ. და ეთნოგრ. ინ-ტის არქეოლ. კვლევის ცენტრი. |
| 264 ## - წარმოების, გამოცემის, დისტრიბუციის და სხვა ცნობები |
| გამოცემის, წარმოების, დისტრიბუციის... ადგილი |
თბილისი : |
| გამოცემის, წარმოების, დისტრიბუციის... სახელწოდება |
მეცნიერება, |
| გამოცემის, წარმოების, დისტრიბუციის... თარიღი |
1978. |
| 300 ## - ფიზიკური აღწერა |
| Extent |
214 გვ. : |
| Other physical details |
ილ. 31ფ. ილ. ; |
| Dimensions |
29 სმ. |
| 520 ## - SUMMARY, ETC. |
| Summary, etc |
რეზ. რუს. და ფრ. |
| 653 ## - INDEX TERM--UNCONTROLLED |
| Uncontrolled term |
არქეოლოგიური გათხრები -- თბილისი. |
| 700 ## - ADDED ENTRY--PERSONAL NAME |
| Personal name |
აბრამიშვილი, რ. |
| Relator term |
რედაქტორი |
| 9 (RLIN) |
18429 |
| 710 ## - ADDED ENTRY--CORPORATE NAME |
| Corporate name or jurisdiction name as entry element |
საქ. სსრ მეცნიერებათა აკადემია |
| Subordinate unit |
ივ. ჯავახიშვილის სახ. ისტორიის, არქეოლოგისაა და ეთნოგრაფიის ინსტიტუტი. არქეოლოგიური კვლევის ცენტრი. |
| 9 (RLIN) |
18838 |
| 942 ## - ADDED ENTRY ELEMENTS (KOHA) |
| Source of classification or shelving scheme |
|
| Koha item type |
წიგნი |